Länder mit 50 Millionen Einwohnern im Jahr 2100 - Statistiken

Allgemein
  • Dieses Quiz wurde 268 mal gespielt
    237 seit der letzten Aktualisierung
  • Das Durchschnittsergebnis liegt bei 27 aus 47
Antwortstatistiken
Population Land % Korrekt
74,740,598 Deutschland
99%
1,064,993,459 China
98%
1,450,420,839 Indien
96%
433,853,891 Vereinigte Staaten
96%
126,142,656 Russland
93%
65,497,773 Frankreich
90%
180,682,756 Brasilien
88%
74,959,377 Japan
83%
141,509,743 Mexiko
82%
79,190,833 Südafrika
80%
224,735,180 Ägypten
76%
320,782,424 Indonesien
75%
164,947,332 Niger
75%
56,802,489 Argentinien
73%
732,941,597 Nigeria
73%
403,102,827 Pakistan
73%
56,953,227 Kanada
72%
78,053,360 Vereinigtes Königreich
72%
86,170,458 Türkei
70%
362,031,082 Demokratische Republik Kongo
69%
98,587,984 Iran
68%
107,711,273 Irak
62%
151,393,020 Bangladesch
60%
70,704,619 Algerien
58%
294,392,896 Äthiopien
55%
97,437,278 Vietnam
55%
142,342,349 Sudan
54%
146,327,435 Philippinen
49%
285,651,848 Tansania
47%
125,423,854 Kenia
46%
75,166,964 Afghanistan
45%
80,382,703 Mali
45%
79,011,407 Ghana
43%
61,849,818 Tschad
42%
188,283,138 Angola
41%
123,646,947 Mosambik
38%
75,716,432 Somalia
37%
90,225,182 Kamerun
36%
53,515,360 Senegal
34%
55,298,936 Birma
33%
136,784,883 Uganda
32%
96,632,721 Elfenbeinküste
30%
81,546,200 Sambia
25%
99,957,337 Madagaskar
18%
54,171,323 Jemen
14%
66,559,388 Malawi
12%
50,904,082 Burundi
6%
Keine übereinstimmenden Quizze gefunden
Verteilung der Resultate
Anzahl Personen mit jedem Resultat
Perzentil nach korrekt beantworteten Fragen
Ihre Resultats-Entwicklung
Sie haben dieses Quiz seit der letzten Aktualisierung nicht gespielt